| 000 | 01267pam a2200349 a 4500 | ||
|---|---|---|---|
| 001 | 1831 | ||
| 003 | FISKH | ||
| 005 | 20231004102542.0 | ||
| 008 | 960328s1996 nyuab b 001 0 eng | ||
| 010 | _a 96016972 | ||
| 020 | _a0516200291 | ||
| 040 |
_aDLC _cDLC _dDLC _beng |
||
| 042 | _alcac | ||
| 050 | 0 | 0 |
_aQH86 _b.F685 1996 |
| 082 | 0 | 0 |
_a574.5/2642 _220 |
| 100 | 1 | _aFowler, Allan. | |
| 245 | 1 | 0 |
_aSave the rain forests / _cby Allan Fowler. |
| 260 |
_aNew York : _bChildren's Press, _c1996. |
||
| 300 |
_a31 pages : _bcolor illustrations ; map ; _c19 cm. |
||
| 440 | 0 | _aRookie read-about science | |
| 505 | _aO | ||
| 520 | _aDiscusses the need to conserve the rain forests because of their wealth of plant and animal life, effect on weather, and importance to people throughout the world. | ||
| 521 | 8 |
_a620
_bLexile NC |
|
| 521 | 8 |
_aO
_bRaz-Plus |
|
| 650 | 0 |
_aRain forests _xJuvenile literature. |
|
| 650 | 0 |
_aRain forest conservation _xJuvenile literature. |
|
| 650 | 1 | _aRain forests. | |
| 650 | 1 | _aRain forest conservation. | |
| 906 |
_a7 _bcbc _corignew _d1 _eocip _f19 _gy-gencatlg |
||
| 942 |
_2ddc _cBK _n0 |
||
| 999 |
_c1831 _d1831 |
||